000 00622nam a2200241Ia 4500
003 OSt
005 20220918182534.0
006 a|||||r|||| 00| 0
007 ta
008 220917b |||||||| |||| 00| 0 eng d
024 _a32,879
037 _cTextual
040 _aARTS
_cARTS
_beng
041 _2eng
_aeng
082 _aO111,2J73,2, K6
100 _aJonson Ben
245 0 _aSejanus ed by Jonas a Barish
260 _aN Haven
_bYUP
_c1966
300 _aix, 210p.
_ccm.
650 _aENGLISH LITERATURE
942 _hO111,2J73,2, K6
_cTEXL
_2CC
999 _c169288
_d169288